Polskie miasta po obrazku. - Statystyki

Ogólne statystyki
  • Ten quiz został rozwiązany 194 razy
  • Średni wynik to 12 z 16
Statystyki odpowiedzi
Obrazkowy Odpowiedź % Poprawnych
Warszawa
100%
Kraków
97%
Gdańsk
94%
Poznań
93%
Katowice
87%
Wrocław
86%
Gdynia
82%
Toruń
74%
Bydgoszcz
68%
Lublin
66%
Szczecin
66%
Łódź
60%
Białystok
59%
Rzeszów
50%
Olsztyn
44%
Radom
34%
Nie znaleziono quizów pasujących do podanych kryteriów
Rozkład punktacji
Procent ludzi z każdym wynikiem
Percentyl według liczby udzielonych odpowiedzi
Twoja historia wyników
Nie rozwiązałeś tego quizu